Southville International School and Colleges
Your cart is empty.
  • Cart
  • Lists
    Public lists Eva Luna New books Lux_list list_1
    Your lists Log in to create your own lists
  • Log in to your account
  • Your cookies
  • Search history
Southville International School and Colleges
  • Advanced search
  • Recent comments
  • Most popular
  • Libraries

Log in to your account

Log in with GOOGLE


If you do not have an external account, but do have a local account, you can still log in:

  1. Home
  2. MARC view: Psychic surgery and faith healing :
Normal view MARC view ISBD view

Psychic surgery and faith healing : (Record no. 25099)

[ view plain ]
MARC details
000 -LEADER
fixed length control field 00646nam a2200193 a 4500
005 - DATE AND TIME OF LATEST TRANSACTION
control field 20140310183601.0
008 - FIXED-LENGTH DATA ELEMENTS--GENERAL INFORMATION
fixed length control field 111201s19uu xx 00 eng d
020 ## - INTERNATIONAL STANDARD BOOK NUMBER
International Standard Book Number 9781578634415
050 ## - LIBRARY OF CONGRESS CALL NUMBER
Classification number RZ 403.P75
Item number .B79 2008
100 ## - MAIN ENTRY--PERSONAL NAME
Personal name Bryan, Jessica
245 ## - TITLE STATEMENT
Title Psychic surgery and faith healing :
Remainder of title an exploration of multi-dimensional realities, indigenous healing, and medical miracles in the Philippine lowlands /
Statement of responsibility, etc Jessica Bryan.
260 ## - PUBLICATION, DISTRIBUTION, ETC. (IMPRINT)
Place of publication, distribution, etc San Francisco :
Name of publisher, distributor, etc Weiser Books,
Date of publication, distribution, etc 2008.
300 ## - PHYSICAL DESCRIPTION
Extent 210 p. :
Other physical details ill. ;
Dimensions 23 cm.
521 ## - TARGET AUDIENCE NOTE
Target audience note
650 ## - SUBJECT ADDED ENTRY--TOPICAL TERM
Topical term or geographic name as entry element Parasychology
650 ## - SUBJECT ADDED ENTRY--TOPICAL TERM
Topical term or geographic name as entry element Psychics
942 ## - ADDED ENTRY ELEMENTS (KOHA)
Koha item type Books
Source of classification or shelving scheme Library of Congress Classification
Call number prefix Local
Holdings
Withdrawn status Lost status Source of classification or shelving scheme Damaged status Home library Current library Shelving location Date acquired Source of acquisition Cost, normal purchase price Total Checkouts Full call number Barcode Date last seen Copy number Price effective from Koha item type
    Library of Congress Classification   College Library College Library General Circulation Section 12/01/2011 Donation 1495.00   RZ 403.P75 .B79 2008 C14264 05/15/2018 1 10/18/2013 Books

Psychic surgery and faith healing :

APA

Bryan J., . (2008). Psychic surgery and faith healing. San Francisco: Weiser Books.

Chicago

Bryan Jessica, . 2008. Psychic surgery and faith healing. San Francisco: Weiser Books.

Harvard

Bryan J., . (2008). Psychic surgery and faith healing. San Francisco: Weiser Books.

MLA

Bryan Jessica, . Psychic surgery and faith healing. San Francisco: Weiser Books. 2008.

  • Place hold
  • Print
  • Cite
  • Add to your cart (remove)
  • Save record
    BIBTEX Dublin Core MARCXML MARC (non-Unicode/MARC-8) MARC (Unicode/UTF-8) MARC (Unicode/UTF-8, Standard) MODS (XML) RIS
  • More searches
    Search for this title in:
    Other Libraries (WorldCat) Other Databases (Google Scholar) Online Stores (Bookfinder.com) Open Library (openlibrary.org)

Exporting to Dublin Core...

SOUTHVILLE LIBRARY

Southville International School and Colleges Library

1281 Tropical Ave. Cor. Luxembourg St., BF Homes International, Las Pinas City

Tel. No. 8256374 / 252358 Loc. 117/146

Powered by Koha